Tržnica na Miletičovej ulici v Bratislave

Gespeichert in:
Bibliographische Detailangaben
1. Verfasser: Vavrová, Mária (Verfasst von)
Weitere Verfasser: Sopirová, Alžbeta (Betreuung Doktorarbeit)
Format: Manuskript Buch
Sprache:Slowakisch
Veröffentlicht: Bratislava 2022
Schlagworte:
Online-Zugang:http://is.stuba.sk/zp/portal_zp.pl?podrobnosti=165513
Tags: Tag hinzufügen
Keine Tags, Fügen Sie das erste Tag hinzu!

MARC

LEADER 00000ntm a22000003a 4500
001 stuzp89555
003 SK-STU
005 20221020093134.7
007 ta
008 150427s2015----xo-----f-mn---000-0-slo-d
040 |a STU  |b slo 
041 0 |a slo 
100 1 |a Vavrová, Mária  |u 056160  |4 aut  |U FAD Fakulta architektúry a dizajnu  |T FAD Ústav urbanizmu a územného plánovania  |X 81187  |U A6160  |Y 397  |7 81187 
242 0 1 |a Market on Miletičova street in Bratislava  |y eng 
245 1 0 |a Tržnica na Miletičovej ulici v Bratislave 
260 |c 2022  |a Bratislava 
650 4 |a tržnica  |2 slo 
650 4 |a Miletičova ulica  |2 slo 
650 4 |a Bratislava  |2 slo 
650 4 |a trhovisko  |2 slo 
650 4 |a market  |2 eng 
650 4 |a Miletičova street  |2 eng 
650 4 |a Bratislava  |2 eng 
650 4 |a market place  |2 eng 
700 1 |a Sopirová, Alžbeta  |u 056160  |k Z1  |4 ths  |U FAD Fakulta architektúry a dizajnu  |T FAD Ústav urbanizmu a územného plánovania  |X 4201  |U A6160  |Y 397  |7 A000004201 
856 4 |u http://is.stuba.sk/zp/portal_zp.pl?podrobnosti=165513  |u https://opac.crzp.sk/?fn=detailBiblioForm&sid=228C7CD165D66AC755D24BFE85CA